| 000 | 00849nam a2200217 a 4500 | ||
|---|---|---|---|
| 001 | 000015959 | ||
| 005 | 20240304185510.0 | ||
| 008 | 100222s1986 dr r 000 0 spa d | ||
| 040 |
_aDO-SdBNP _bspa _cBNPHU |
||
| 082 |
_axxxx _bS583i |
||
| 100 | 1 |
_a Silié Gatón, José A., _d1920-2014 _9747 |
|
| 245 | 1 | 0 |
_aInstituciones de derecho público / _cJosé A. Silié Gatón ; presentación Fernando Sánchez Martínez. |
| 260 |
_aSanto Domingo : _bUniversitaria (UASD), _c1986. |
||
| 300 |
_a604 p. ; _c22 cm. |
||
| 490 | 1 |
_aPublicaciones de la Universidad Autónoma de Santo Domingo _v517 |
|
| 490 | 1 |
_aDerecho y Política _v5 |
|
| 504 | _aBibliografía : p. 595-604 | ||
| 700 | 1 |
_aSánchez Martínez, Fernando _97183 |
|
| 830 | 0 |
_aPublicaciones de la Universidad Autónoma de Santo Domingo _n517 _935856 |
|
| 830 | 0 |
_aDerecho y Política _nno. 5 _935857 |
|
| 999 |
_c15501 _d15501 |
||